| 000 | 00584nam a22001937a 4500 | ||
|---|---|---|---|
| 008 | 140624b xxu||||| |||| 00| 0 eng d | ||
| 020 | _a9-7801-9965-219 | ||
| 082 |
_222 ed. _a346.066 _bBLA |
||
| 100 | _aBlackstones | ||
| 245 |
_aBlackstone's statutes on Company law 2012-2013 / _cedited by Derek French |
||
| 250 | _a16 ed. | ||
| 260 |
_aUK : _bOxford univ. press _c2012 |
||
| 300 |
_aix, 778 P. ; _c24 cm. |
||
| 500 | _aIncludes Index | ||
| 650 | _aCompany law | ||
| 650 | _aBlackstone's statutes on Company law 2012-2013 | ||
| 700 | _aFrench, Derek | ||
| 942 |
_2ddc _cBK |
||
| 999 |
_c5872 _d5872 |
||